000 00536nam a2200205 a 4500
001 13414
003 BD-JhCC
005 20230917080544.0
008 171017s20152023bg |||| ||a| 00| 0 ben d
035 _a(BD-JhCC)13414
040 _aBD-JhCC
_dBD-JhCC
041 _abengali
082 _a001
_bHOS 2023
100 _aHossain, Md Shahnewaz
245 _aEnglish Literature /
_cDr.Md. Shahnewaz Hossain.
260 _aDhaka:
_bEasy Publications;
_c2023.
300 _a272 p. :
_c22 cm.
650 _aGeneral Knowledge
942 _2ddc
_cBK
999 _c13414
_d13414